[Event "IECG CF.2003.0.00051 email"]
[Site "IECG email"]
[Date "2003.09.03"]
[Round "1"]
[White "Ormes, Jason"]
[Black "Cardus, Gareth"]
[Result "0-1"]
[WhiteElo "1000"]
[BlackElo "1000"]
[PlyCount "34"]
[EventDate "2003.09.03"]
[EventType "tourn (corr)"]
[EventRounds "6"]
[SourceTitle "Corr 2008"]
[Source "ChessBase"]
[SourceDate "2008.06.24"]
[SourceVersion "1"]
[SourceVersionDate "2008.06.24"]
[SourceQuality "1"]

1. e4 e5 2. Nf3 Nf6 3. Nc3 Nc6 4. Bc4 Nxe4 5. Bd5 Nf6 6. 0-0 Bc5 7. Re1 Ng4 8. d4 Bd6 9. h3 Nh6 10. Bg5 Be7 11. Nxe5 Nxe5 12. Rxe5 Ng8 13. Qh5 g6 14. Qf3 f6 15. Bxg8 f5 16. Qd5 d6 17. Bf7+ Kd7 0-1